Nutritional physiology of farm animals

সংরক্ষণ করুন:
গ্রন্থ-পঞ্জীর বিবরন
প্রধান লেখক: Rook, J. A. F.
বিন্যাস: গ্রন্থ
ভাষা:Undetermined
প্রকাশিত: London Longman 1983
বিষয়গুলি:
ট্যাগগুলো: ট্যাগ যুক্ত করুন
কোনো ট্যাগ নেই, প্রথমজন হিসাবে ট্যাগ করুন!
Thư viện lưu trữ: Trung tâm Học liệu Trường Đại học Cần Thơ
LEADER 00625nam a2200205Ia 4500
001 CTU_13931
008 210402s9999 xx 000 0 und d
082 |a 636.089 
082 |b R777 
100 |a Rook, J. A. F. 
245 0 |a Nutritional physiology of farm animals 
245 0 |c J. A. F. Rook, P. C. Thomas 
260 |a London 
260 |b Longman 
260 |c 1983 
526 |a Sinh lý dinh dưỡng vật nuôi 
526 |b NNN608 
650 |a Diet in veterinary medicine,Veterinary physiology 
904 |i Nguyễn Quang Điền, 960927 
980 |a Trung tâm Học liệu Trường Đại học Cần Thơ